|
|
|
|
| LEADER |
01503nam a2200397 a 4500 |
| 001 |
EBC1114704 |
| 003 |
MiAaPQ |
| 005 |
20200520144314.0 |
| 006 |
m o d | |
| 007 |
cr cn||||||||| |
| 008 |
120518s2013 nyua sb 001 0 eng d |
| 010 |
|
|
|z 2012019905
|
| 020 |
|
|
|z 9780415536462 (hbk. alk. paper)
|
| 020 |
|
|
|a 9780203111482 (electronic bk.)
|
| 035 |
|
|
|a (MiAaPQ)EBC1114704
|
| 035 |
|
|
|a (Au-PeEL)EBL1114704
|
| 035 |
|
|
|a (CaPaEBR)ebr10650220
|
| 035 |
|
|
|a (CaONFJC)MIL428555
|
| 035 |
|
|
|a (OCoLC)825179628
|
| 040 |
|
|
|a MiAaPQ
|c MiAaPQ
|d MiAaPQ
|
| 043 |
|
|
|a f------
|
| 050 |
|
4 |
|a HD70.A34
|b M347 2013
|
| 082 |
0 |
4 |
|a 658.0096
|2 23
|
| 245 |
0 |
0 |
|a Management in Africa
|h [electronic resource] :
|b macro and micro perspectives /
|c edited by Terri R. Lituchy, Betty Jane Punnett and Bill Buenar Puplampu.
|
| 260 |
|
|
|a New York :
|b Routledge,
|c 2013.
|
| 300 |
|
|
|a xix, 328 p. :
|b ill.
|
| 440 |
|
0 |
|a Routledge advances in management and business studies ;
|v 53
|
| 504 |
|
|
|a Includes bibliographical references and index.
|
| 533 |
|
|
|a Electronic reproduction. Ann Arbor, MI : ProQuest, 2015. Available via World Wide Web. Access may be limited to ProQuest affiliated libraries.
|
| 650 |
|
0 |
|a Management
|z Africa.
|
| 655 |
|
4 |
|a Electronic books.
|
| 700 |
1 |
|
|a Lituchy, Terri R.
|
| 700 |
1 |
|
|a Punnett, Betty Jane.
|
| 700 |
1 |
|
|a Puplampu, Bill Buenar.
|
| 710 |
2 |
|
|a ProQuest (Firm)
|
| 856 |
4 |
0 |
|u https://ebookcentral.proquest.com/lib/matrademy/detail.action?docID=1114704
|z Click to View
|